00573nam a2200169Ia 4500008004100000020001800041041000800059082001500067100002300082245004300105250000600148260004800154300001300202650004100215999001900256952012800275210716s2007 xx 000 0 und d a9780763736217 aeng a005.2 DETR aDetmer, Richard C. aEssentials of 80x86 assembly language. a1 aLondonbJones and Bartlett Publishersc2007 aviii,305 aProgg For Specific Types Of Computer c189602d189602 001040708MCAaAIMITbAIMITeAthulya Booksg1226.00l0o005.2 DETRpMCA09110r2026-05-23 00:00:00v980.80w2021-07-16yBK